Boundless: Colors - Statistics

General Stats
  • This quiz has been taken 17 times
  • The average score is 14 of 255
Answer Stats
# Color % Correct
122 Blue
91%
91 Green
91%
93 Yellow
91%
1 Black
82%
97 Orange
82%
78 Red
82%
228 White
64%
88 Teal
36%
125 Violet
36%
130 Light Blue
27%
211 Azure
18%
146 Bright Green
18%
210 Cerulean
18%
95 Mustard
18%
75 Rose
18%
94 Tan
18%
213 Turquoise
18%
158 Bright Blue
9%
142 Bright Tan
9%
153 Bright Turquoise
9%
165 Bright Violet
9%
77 Cherry
9%
246 Dark Blue
9%
38 Dark Green
9%
48 Dark Grey
9%
13 Dark Red
9%
25 Hot Cherry
9%
254 Hot Orange
9%
32 Hot Tan
9%
123 Lavender
9%
166 Light Berry
9%
106 Light Tan
9%
203 Light Turquoise
9%
215 Light Viridian
9%
124 Lilac
9%
177 Luminous Azure
9%
194 Luminous Green
9%
226 Luminous Taupe
9%
201 Luminous Turquoise
9%
200 Luminous Viridian
9%
255 Luminous Yellow
9%
2 Night Azure
9%
18 Night Berry
9%
247 Night Blue
9%
45 Night Green
9%
20 Night Orange
9%
133 Pale Berry
9%
207 Pale Cerulean
9%
104 Pale Tan
9%
114 Rust Lime
9%
115 Rust Taupe
9%
117 Rust Violet
9%
248 Shadow Blue
9%
3 Shadow Cerulean
9%
243 Shadow Green
9%
43 Shadow Mustard
9%
21 Shadow Orange
9%
22 Shadow Red
9%
46 Shadow Turquoise
9%
250 Shadow Violet
9%
44 Shadow Yellow
9%
212 Slate
9%
118 Stale Berry
9%
232 Stale Cerulean
9%
113 Stale Turquoise
9%
89 Viridian
9%
205 Vivid Azure
9%
129 Vivid Blue
9%
209 Vivid Cerulean
9%
170 Vivid Cherry
9%
220 Vivid Lime
9%
98 Vivid Orange
9%
171 Vivid Red
9%
214 Vivid Teal
9%
202 Vivid Turquoise
9%
126 Vivid Violet
9%
216 Vivid Viridian
9%
221 Vivid Yellow
9%
134 Ashen Berry
0%
230 Ashen Blue
0%
111 Ashen Grey
0%
109 Ashen Mint
0%
135 Ashen Red
0%
102 Ashen Taupe
0%
110 Ashen Turquoise
0%
103 Ashen Yellow
0%
155 Bright Azure
0%
157 Bright Cerulean
0%
173 Bright Fuchsia
0%
163 Bright Lilac
0%
144 Bright Lime
0%
164 Bright Magenta
0%
145 Bright Moss
0%
141 Bright Mustard
0%
138 Bright Orange
0%
172 Bright Red
0%
139 Bright Sepia
0%
154 Bright Slate
0%
140 Bright Taupe
0%
148 Bright Viridian
0%
143 Bright Yellow
0%
233 Cobalt
0%
175 Cold Berry
0%
196 Cold Lime
0%
178 Cold Slate
0%
225 Cold Tan
0%
198 Cold Teal
0%
197 Cold Viridian
0%
229 Cool Azure
0%
160 Cool Blue
0%
182 Cool Grey
0%
188 Cool Lime
0%
150 Cool Mint
0%
136 Cool Red
0%
180 Cool Slate
0%
186 Cool Tan
0%
184 Cool Taupe
0%
151 Cool Teal
0%
162 Cool Violet
0%
195 Crisp Green
0%
192 Crisp Lime
0%
224 Crisp Tan
0%
199 Crisp Teal
0%
191 Crisp Yellow
0%
6 Dark Berry
0%
4 Dark Cerulean
0%
5 Dark Cobalt
0%
16 Dark Fuchsia
0%
8 Dark Lilac
0%
42 Dark Mustard
0%
14 Dark Orange
0%
15 Dark Rose
0%
47 Dark Turquoise
0%
7 Dark Violet
0%
39 Dark Yellow
0%
57 Deep Azure
0%
235 Deep Blue
0%
58 Deep Cerulean
0%
234 Deep Cobalt
0%
71 Deep Fuchsia
0%
36 Deep Green
0%
66 Deep Lavender
0%
67 Deep Lilac
0%
31 Deep Mustard
0%
253 Deep Orange
0%
24 Deep Red
0%
56 Deep Slate
0%
55 Deep Turquoise
0%
68 Deep Violet
0%
244 Deep Viridian
0%
34 Deep Yellow
0%
74 Fuchsia
0%
69 Hot Magenta
0%
35 Hot Moss
0%
30 Hot Sepia
0%
206 Light Azure
0%
168 Light Fuchsia
0%
132 Light Lilac
0%
105 Light Mustard
0%
100 Light Orange
0%
169 Light Red
0%
99 Light Sepia
0%
107 Light Yellow
0%
176 Luminous Blue
0%
193 Luminous Moss
0%
227 Luminous Red
0%
179 Luminous Slate
0%
223 Luminous Tan
0%
174 Luminous Violet
0%
90 Mint
0%
19 Night Fuchsia
0%
251 Night Lilac
0%
49 Oxide Azure
0%
61 Oxide Blue
0%
52 Oxide Green
0%
50 Oxide Grey
0%
27 Oxide Rose
0%
62 Oxide Violet
0%
51 Oxide Yellow
0%
131 Pale Lilac
0%
108 Pale Moss
0%
101 Pale Sepia
0%
231 Rust Blue
0%
116 Rust Fuchsia
0%
112 Rust Slate
0%
96 Sepia
0%
17 Shadow Fuchsia
0%
63 Silk Berry
0%
60 Silk Cerulean
0%
26 Silk Cherry
0%
59 Silk Cobalt
0%
65 Silk Lavender
0%
64 Silk Lilac
0%
70 Silk Magenta
0%
53 Silk Mint
0%
29 Silk Mustard
0%
28 Silk Orange
0%
54 Silk Teal
0%
245 Silk Turquoise
0%
33 Silk Yellow
0%
120 Stale Lilac
0%
86 Stale Moss
0%
80 Stale Red
0%
82 Stale Sepia
0%
84 Stale Tan
0%
156 Stark Azure
0%
147 Stark Green
0%
159 Stark Lavender
0%
189 Stark Lime
0%
185 Stark Mustard
0%
137 Stark Orange
0%
152 Stark Turquoise
0%
149 Stark Viridian
0%
190 Stark Yellow
0%
239 Strong Azure
0%
236 Strong Blue
0%
238 Strong Cerulean
0%
12 Strong Cherry
0%
237 Strong Cobalt
0%
11 Strong Fuchsia
0%
37 Strong Green
0%
249 Strong Lavender
0%
10 Strong Magenta
0%
41 Strong Mustard
0%
252 Strong Orange
0%
23 Strong Red
0%
240 Strong Slate
0%
241 Strong Turquoise
0%
9 Strong Violet
0%
242 Strong Viridian
0%
40 Strong Yellow
0%
208 Vivid Cobalt
0%
167 Vivid Fuchsia
0%
218 Vivid Green
0%
128 Vivid Lavender
0%
127 Vivid Lilac
0%
217 Vivid Mint
0%
219 Vivid Moss
0%
222 Vivid Mustard
0%
204 Vivid Slate
0%
121 Warm Blue
0%
76 Warm Cherry
0%
72 Warm Fuchsia
0%
73 Warm Magenta
0%
92 Warm Moss
0%
83 Warm Mustard
0%
81 Warm Orange
0%
79 Warm Red
0%
119 Warm Violet
0%
87 Warm Viridian
0%
85 Warm Yellow
0%
183 Weary Mustard
0%
181 Weary Teal
0%
161 Weary Violet
0%
187 Weary Yellow
0%
No matching quizzes found
Score Distribution
Percent of People with Each Score
Percentile by Number Answered
Your Score History
You have not taken this quiz